Arms reduction : (Record no. 6445)

MARC details
000 -LEADER
fixed length control field 01508cam a2200349 a 4500
001 - CONTROL NUMBER
control field 3538898
003 - CONTROL NUMBER IDENTIFIER
control field OSt
005 - DATE AND TIME OF LATEST TRANSACTION
control field 20200122113618.0
008 - FIXED-LENGTH DATA ELEMENTS--GENERAL INFORMATION
fixed length control field 950629s1995 ja a b 100 0 eng d
010 ## - LIBRARY OF CONGRESS CONTROL NUMBER
LC control number 96232396
020 ## - INTERNATIONAL STANDARD BOOK NUMBER
International Standard Book Number 9280808818
035 ## - SYSTEM CONTROL NUMBER
System control number (OCoLC)32731238
040 ## - CATALOGING SOURCE
Original cataloging agency ViMcC
Transcribing agency ViMcC
Modifying agency DLC
042 ## - AUTHENTICATION CODE
Authentication code lccopycat
050 04 - LIBRARY OF CONGRESS CALL NUMBER
Item number A76 1995
082 ## - DEWEY DECIMAL CLASSIFICATION NUMBER
Classification number 327.17
Item number ARM 1995
245 00 - TITLE STATEMENT
Title Arms reduction :
Remainder of title economic implications in the post-Cold War era /
Statement of responsibility, etc. edited by Lawrence R. Klein, Fu-chen Lo, and Warwick J. McKibbin.
260 ## - PUBLICATION, DISTRIBUTION, ETC. (IMPRINT)
Place of publication, distribution, etc. Tokyo ;
-- New York :
Name of publisher, distributor, etc. United Nations University Press,
Date of publication, distribution, etc. 1995.
300 ## - PHYSICAL DESCRIPTION
Extent vii, 384 p. :
Other physical details ill. ;
Dimensions 24 cm.
500 ## - GENERAL NOTE
General note "Based on the proceedings of the 1992 Tokyo Conference on 'Arms Reduction and Economic Development in the Post-Cold War Era' - the second in a series of UNU conferences on Future Global Change and Modelling"--Note to the reader.
504 ## - BIBLIOGRAPHY, ETC. NOTE
Bibliography, etc Includes bibliographical references.
650 #0 - SUBJECT ADDED ENTRY--TOPICAL TERM
Topical term or geographic name as entry element Disarmament
General subdivision Economic aspects
-- Congresses.
9 (RLIN) 13244
650 #0 - SUBJECT ADDED ENTRY--TOPICAL TERM
Topical term or geographic name as entry element Arms control
General subdivision Economic aspects
-- Congresses.
9 (RLIN) 13245
650 #0 - SUBJECT ADDED ENTRY--TOPICAL TERM
Topical term or geographic name as entry element Armed Forces
General subdivision Appropriations and expenditures
-- Congresses.
9 (RLIN) 13246
650 #0 - SUBJECT ADDED ENTRY--TOPICAL TERM
Topical term or geographic name as entry element Economic conversion
General subdivision Congresses.
9 (RLIN) 13247
700 1# - ADDED ENTRY--PERSONAL NAME
Personal name Klein, Lawrence R.
9 (RLIN) 13248
700 1# - ADDED ENTRY--PERSONAL NAME
Personal name Lo, Fu-chen.
9 (RLIN) 13249
700 1# - ADDED ENTRY--PERSONAL NAME
Personal name McKibbin, Warwick J.,
Dates associated with a name 1957-
9 (RLIN) 13250
906 ## - LOCAL DATA ELEMENT F, LDF (RLIN)
a 7
b cbc
c copycat
d 2
e ncip
f 19
g y-gencatlg
942 ## - ADDED ENTRY ELEMENTS (KOHA)
Source of classification or shelving scheme Dewey Decimal Classification
Koha item type Open Shelf
Holdings
Withdrawn status Lost status Source of classification or shelving scheme Damaged status Not for loan Home library Current library Source of acquisition Inventory number Total Checkouts Full call number Barcode Date last seen Koha item type
    Dewey Decimal Classification     MUST Main Library MUST Main Library Donation 2001/15081   327.17 ARM 1995 2020-0068 22/01/2020 Open Shelf
    Dewey Decimal Classification     MUST Main Library MUST Main Library Donation 200/15085   327.17 ARM 1995 2024-21676 02/07/2024 Open Shelf
    Dewey Decimal Classification     MUST Main Library MUST Main Library Donation 200/15080   327.17 ARM 1995 2024-21677 02/07/2024 Open Shelf